000 00500nam a22001577a 4500
008 161116b xxu||||| |||| 00| 0 eng d
020 _a971-725-044-x
082 _22015
_aDFil 516.3
_bN67i
100 _917462
_aNocon, Ferdinand P.
245 _aIntegrated Analytic Geometry/
_cFerdinand P. Nocon.
260 _aPhilippines:
_bGrandbooks Publishing Inc.,
_cc2015.
300 _a363 pages
_billustrations;
_c26 cm.
650 0 _917464
_aAnalytic geometry.
365 _b5,784.00
_cPhp
942 _2ddc
_cDFIL
999 _c5695
_d5695